Online
Catalog

Cuestiones estéticas / (Record no. 25290)

MARC details
000 -CABECERA
campo de control de longitud fija 00527nam a2200169 a 4500
001 - NÚMERO DE CONTROL
campo de control 000025798
005 - FECHA Y HORA DE LA ÚLTIMA TRANSACCIÓN
campo de control 20200930024046.0
008 - DATOS DE LONGITUD FIJA--INFORMACIÓN GENERAL
campo de control de longitud fija 110217s1911 fr ab r 000 | spa d
040 ## - FUENTE DE LA CATALOGACIÓN
Centro catalogador/agencia de origen DO-SdBNP
Lengua de catalogación spa
Centro/agencia transcriptor BNPHU
082 ## - NÚMERO DE LA CLASIFICACIÓN DECIMAL DEWEY
Número de clasificación xxxxx
Número de documento/Ítem R811, 1967
049 ## - FONDOS LOCALES (OCLC)
Fondos de biblioteca BNGR
100 1# - ENTRADA PRINCIPAL--NOMBRE DE PERSONA
Nombre de persona Reyes, Alfonso,
9 (RLIN) 12593
245 10 - MENCIÓN DE TÍTULO
Título Cuestiones estéticas /
Mención de responsabilidad, etc. Alfonso Reyes, prólogo Francisco García Calderón.
260 ## - PUBLICACIÓN, DISTRIBUCIÓN, ETC.
Lugar de publicación, distribución, etc. Paris :
Nombre del editor, distribuidor, etc. Paul Ollendorf,
Fecha de publicación, distribución, etc. 1911.
300 ## - DESCRIPCIÓN FÍSICA
Extensión 292 p. ;
Dimensiones 19 cm.
700 1# - PUNTO DE ACCESO ADICIONAL--NOMBRE DE PERSONA
Nombre de persona García Calderón , Francisco,
Término indicativo de función/relación pról.
9 (RLIN) 52608
Holdings
Estado de retiro Estado de pérdida Restricciones de uso No para préstamo Código de colección Localización permanente Ubicación/localización actual Ubicación en estantería Fecha de adquisición Número de inventario Total de préstamos Signatura topográfica completa Código de barras Fecha visto por última vez Precio válido a partir de Tipo de ítem Koha Número de copia
      Excluido de préstamo Monografías: Libros y Folletos General General Depósito 22.02.2011 LF1   xxxxx R811, 1967 25798-10 25.06.2020 25.06.2020 No se presta  
      Excluido de préstamo Monografías: Libros y Folletos General General Depósito 17.10.2013 LF1   xxxxx R811, 1967 25798-20 25.06.2020 25.06.2020 No se presta e. 2

Powered by Koha